[Event "18th Karpov Poikovsky 2017"]
[Site "Poikovsky"]
[Date "2017.04.24"]
[Round "6"]
[White "Najer, Evgeniy"]
[Black "Anton Guijarro, David"]
[Result "1/2-1/2"]
[WhiteElo "2679"]
[BlackElo "2679"]
[Annotator "TA"]
[PlyCount "80"]
[EventDate "2017.??.??"]
[EventType "tourn"]
[EventCountry "RUS"]
[SourceTitle "playchess.com"]
[Source "ChessBase"]
[SourceQuality "1"]

{[%evp 14,80,24,14,52,30,35,27,27,27,28,7,29,26,25,-5,-7,-3,-13,-13,-14,-14,-6,-14,-13,-16,-16,-16,-16,-16,-16,-27,-22,-60,-45,-56,-32,-25,-25,-41,-35,-41,-35,-41,-41,-41,-41,-42,-42,-42,-42,-46,-42,-49,68,49,56,56,60,43,54,53,51,49,49,49,43,37,30]} 1. e4 c6 {[%cal Bc7c6,Bc6c5][%mdl 32]} 2. d4 d5 3. e5 Bf5 4. Nf3 e6 5. Be2 c5 6. O-O Nc6 7. c3 a6 {B12: Caro-Kann: Advance Variation} (7... Bg6 8. a3 cxd4 9. cxd4 Nge7 10. b4 Nc8 11. Bg5 Be7 12. Bxe7 Qxe7 13. Nbd2 Nb6 14. Rc1 O-O 15. Qb3 a5 16. bxa5 Nc4 17. Nxc4 dxc4 18. Qxc4 Rxa5 19. a4 {½-½ (19) Dominguez Perez,L (2739)-Mamedyarov,S (2768) Doha 2016}) 8. Be3 {LiveBook: 3 Games} c4 9. Nbd2 $146 (9. b3 b5 10. a4 Be7 11. Na3 Rb8 12. axb5 axb5 13. Nxb5 Rxb5 14. bxc4 Ra5 15. Qb3 {0-1 (51) Predke,A (2540)-Rozum,I (2581) Samara 2016}) 9... h6 {White has an edge.} 10. g3 Nge7 11. Nh4 Bh7 12. Bg4 b5 13. f4 Qd7 14. b4 Bd3 15. Be2 Bxe2 16. Qxe2 a5 17. a3 $1 Nc8 18. Ndf3 Be7 19. Ng2 Nb6 20. Bd2 g6 21. Ne3 Ra6 22. g4 h5 23. g5 Qa7 {Strongly threatening ...axb4.} 24. Nc2 axb4 25. axb4 Na4 26. Rfb1 Kd7 27. Kf1 Qb7 28. Qe1 Rha8 29. Qc1 R8a7 30. Kg2 Qa8 31. Kf1 Bd8 32. Kg2 Bb6 33. Kf1 h4 (33... Ne7 $15) 34. h3 {White is slightly better.} Ne7 35. Ne3 ({And not} 35. Nxh4 Qh8 36. Qe1 Nf5 37. Nxf5 Qxh3+ 38. Kg1 Qxf5 $17) 35... Bc7 36. Ne1 Qh8 37. N1c2 Qh5 {[#] And now ...Qf3+ would win.} 38. Qd1 Qxd1+ 39. Nxd1 Nf5 40. Be1 Ra8 1/2-1/2

[Event "18th Karpov Poikovsky 2017"]
[Site "Poikovsky"]
[Date "2017.04.24"]
[Round "6"]
[White "Sutovsky, Emil"]
[Black "Rodshtein, Maxim"]
[Result "1-0"]
[WhiteElo "2650"]
[BlackElo "2701"]
[Annotator "TA"]
[PlyCount "71"]
[EventDate "2017.??.??"]
[EventType "tourn"]
[EventCountry "RUS"]
[SourceTitle "playchess.com"]
[Source "ChessBase"]
[SourceQuality "1"]

{[%evp 15,71,23,19,10,10,0,0,0,29,12,34,26,47,40,39,50,43,24,33,0,0,-22,41,35,89,93,75,83,129,120,136,137,121,113,127,112,148,18,331,202,202,185,199,200,195,189,189,191,221,215,212,218,312,256,525,497,468,507]} 1. e4 e5 2. Nf3 Nc6 3. Bb5 g6 4. c3 a6 5. Ba4 d6 6. d4 Bd7 7. dxe5 Nxe5 {C76: Ruy Lopez: Deferred Steinitz: 5 c3 Bd7 6 d4 g6} 8. Nxe5 dxe5 {LiveBook: 7 Games} 9. Be3 $146 (9. Bb3 Nf6 10. Be3 Bc6 11. f3 Qxd1+ 12. Kxd1 Nd7 13. Nd2 Bc5 14. Nc4 Bxe3 15. Nxe3 {½-½ (31) Lu,S (2615)-Demchenko,A (2592) Olongapo City 2015}) 9... Nf6 {The position is equal.} 10. Nd2 b5 11. Bb3 Bd6 12. Qf3 h6 13. a4 Rb8 14. axb5 axb5 15. O-O Qe7 16. h3 Kf8 17. Bc2 Kg7 18. b4 Nh7 (18... c5 $11) 19. Qe2 c5 ({Black should try} 19... Nf6 $14) 20. Nb3 {[%cal Rb3c5]} cxb4 21. Rfd1 $1 $36 {[%mdl 2048] Threatens to win with Qd2. White is in control.} (21. cxb4 $6 Bxb4 22. f4 Be6 $11) 21... Rhd8 {[#]} 22. Ra7 $1 {[%mdl 1024] White has strong compensation.} (22. Qd2 $6 Be6 $14) 22... Qf6 23. Ra6 Bc8 {[#]} 24. Rc6 $1 {Black must now prevent Bc5.} (24. Rb6 $6 Rxb6 25. Bxb6 Rd7 $14) 24... Bb7 25. Rb6 Qe7 26. Na5 (26. Rxb5 Ba6 27. c4 (27. Bxh6+ Kxh6 28. Qd2+ Ng5 29. Rxb8 bxc3 $17) 27... Bxb5 28. cxb5 Ra8 $17) (26. Qxb5 $16 {Strongly threatening Nc5.} Nf6 27. Bc5 (27. cxb4 Bxe4 28. Bxe4 Nxe4 $11) 27... Bxc5 28. Nxc5 Rxd1+ 29. Bxd1 bxc3 30. Bc2 (30. Nxb7 Nd7 31. Ra6 Nc5 32. Qxc5 Qxc5 33. Nxc5 Rb1 $18) (30. Rxb7 Rxb7 31. Nxb7 Nxe4 $18)) 26... Qc7 $2 {[%mdl 8192]} (26... bxc3 $11 {and Black has nothing to worry.} 27. Qxb5 (27. Nxb7 Rxb7 28. Qxb5 Rxb6 29. Qxb6 Bc7 $15) 27... Ba8) 27. Qxb5 ({Not} 27. Rxb7 Rxb7 28. Nxb7 Qxb7 $14) 27... Ba8 28. Rdxd6 Qxd6 29. Rxd6 Rxb5 30. Rxd8 Rxa5 31. cxb4 Ra2 32. Bb3 Ra1+ 33. Kh2 Bc6 (33... Bxe4 $142 34. Rd7 Ng5 35. Bxg5 hxg5 36. Rxf7+ Kh6) 34. Bc5 Nf6 $2 (34... Ra8 35. Rxa8 Bxa8) 35. Bf8+ $18 Kh7 36. Rd6 ({Less strong is} 36. Bxf7 Nxe4 37. f3 Ng5 $18) 1-0

[Event "18th Karpov Poikovsky 2017"]
[Site "Poikovsky"]
[Date "2017.04.24"]
[Round "6"]
[White "Bologan, Victor"]
[Black "Korobov, Anton"]
[Result "0-1"]
[WhiteElo "2640"]
[BlackElo "2695"]
[Annotator "TA"]
[PlyCount "88"]
[EventDate "2017.??.??"]
[EventType "tourn"]
[EventCountry "RUS"]
[SourceTitle "playchess.com"]
[Source "ChessBase"]
[SourceQuality "1"]

{[%evp 5,88,24,33,33,54,48,42,42,51,20,31,25,40,27,44,30,49,35,36,35,17,0,8,0,14,0,0,0,0,0,23,0,0,0,0,0,0,0,0,0,0,0,0,0,0,0,5,0,0,0,0,-49,-32,-32,-37,-35,-35,-37,-41,-82,-48,-70,-75,-119,-109,-116,-108,-401,-401,-453,-449,-424,-407,-505,-505,-505,-505,-505,-505,-498,-498,-4710,-4504,-4718,-2791]} 1. e4 c5 2. Nf3 Nc6 3. Bb5 e5 4. O-O {B30: Sicilian: 2...Nc6 3 Bb5, lines without ...g6} Bd6 5. c3 a6 (5... Nge7 6. d4 cxd4 7. cxd4 exd4 8. Nxd4 a6 9. Be2 O-O 10. Be3 Be5 11. Nc3 d5 12. exd5 Nxd5 13. Nxd5 Nxd4 14. Bxd4 Qxd5 {½-½ (35) Bartel,M (2619)-Jobava,B (2702) Legnica 2013}) 6. Ba4 {White is slightly better.} b5 7. Bc2 Nge7 $146 (7... Qc7 8. a4 Rb8 9. Qe2 b4 10. d4 cxd4 11. cxd4 Nxd4 12. Nxd4 exd4 {1-0 (45) Belenkaya,D (2340)-Kostitsina,L (2047) Satka 2014}) 8. a4 Rb8 9. axb5 axb5 10. d4 cxd4 11. cxd4 Nxd4 12. Nxd4 exd4 13. Nd2 O-O 14. e5 Bxe5 {[#]} 15. Bxh7+ $1 {[%mdl 512]} Kxh7 16. Qh5+ Kg8 17. Qxe5 Rb6 18. Ra3 Rg6 19. Qxb5 Qc7 20. Nf3 Bb7 {[#]} 21. Bf4 $1 {[%mdl 512]} Qxf4 22. Qxb7 Nc6 23. g3 Qg4 24. Re1 Rf6 25. Qb3 Re6 26. Rea1 Rb8 $36 {[%mdl 2048] Black fights for an advantage.} 27. Qd5 Rf6 28. Kg2 Rxb2 29. Ra8+ Kh7 {Strongly threatening ...Nb4.} 30. h3 Qf5 $1 {[%cal Rf5d5]} 31. Qxf5+ Rxf5 32. Re1 d3 {[%cal Bd4d3,Bd3c2][%mdl 32]} 33. Ra3 Nb4 {...Nc2 is the strong threat.} 34. Rd1 {[#]} Rc5 $1 35. Ne1 {[#]} Rcc2 $1 {[%mdl 512]} 36. Nxc2 $4 {[%mdl 8192]} (36. Nxd3 $17 Nxd3 37. Raxd3 Rxf2+ 38. Kg1) 36... dxc2 $17 {[%mdl 4096] Endgame KRR-KRN} 37. Rf1 d5 {[%cal Bd7d5,Bd5d4,Bd4d3][%mdl 32]} ({Less strong is} 37... Na2 38. Rxa2 Rxa2 39. Kf3 $17) 38. Raa1 Rb3 39. Rfc1 d4 {Black is clearly winning.} 40. Kf1 {intending Ke2.} d3 41. Ke1 Nc6 {Threatens to win with ...Ne5.} 42. Kd2 Ne5 43. Ke3 (43. Rxc2 $142 dxc2 44. Kxc2) 43... Nc4+ $19 44. Kd4 Na3 0-1

[Event "18th Karpov Poikovsky 2017"]
[Site "Poikovsky"]
[Date "2017.04.24"]
[Round "6"]
[White "Zhigalko, Sergei"]
[Black "Jakovenko, Dmitry"]
[Result "1/2-1/2"]
[WhiteElo "2639"]
[BlackElo "2718"]
[Annotator "TA"]
[PlyCount "87"]
[EventDate "2017.??.??"]
[EventType "tourn"]
[EventCountry "RUS"]
[SourceTitle "playchess.com"]
[Source "ChessBase"]
[SourceQuality "1"]

{[%evp 9,87,13,22,15,16,12,14,0,9,-2,0,0,3,0,7,0,0,0,0,0,28,0,0,0,4,0,0,0,25,-27,-27,-27,-27,-67,-58,-86,-76,-78,-75,-85,-64,-60,-60,-62,-51,-51,-49,-57,-56,-51,-52,-60,-55,-56,0,-54,-51,-52,-49,-51,-11,-9,-6,-8,-1,-17,19,19,14,0,12,12,12,12,12,14,18,0,16,1]} 1. e4 e5 2. Nf3 Nc6 3. Bb5 Nf6 4. d3 Bc5 5. Bxc6 dxc6 6. Nbd2 {C65: Ruy Lopez: Berlin Defence (3...Nf6), unusual lines and 4 0-0 Bc5} O-O (6... Be6 7. O-O Bd6 8. d4 Nd7 9. dxe5 Nxe5 10. Nxe5 Bxe5 11. f4 Bd4+ 12. Kh1 f5 13. Qe2 O-O {0-1 (65) Robson,R (2668)-Nakamura,H (2793) Saint Louis 2017}) 7. Nc4 Nd7 8. Qe2 Re8 9. Bd2 b5 10. Ne3 Nb6 11. b3 $146 (11. O-O-O a5 12. Kb1 b4 13. g4 Na4 {0-1 (48) Bruzon Batista,L (2623)-L'Ami,E (2611) Baku 2016}) 11... Be6 12. O-O f6 13. a4 a6 14. Rfd1 Bf8 15. Ba5 Bf7 16. h3 Qc8 17. Nf5 Nd7 18. Bd2 Nc5 19. Be3 (19. Bb4 $142) 19... Ne6 $11 20. Ra2 c5 21. axb5 axb5 22. c4 Qd7 23. Ng3 Red8 24. Qc2 Qc6 25. Rda1 Rxa2 26. Rxa2 Qd7 27. Qd1 Rb8 28. Kh2 Nd8 29. Ra1 Nc6 30. Ne1 Nb4 31. Qd2 Nc6 (31... Rd8 $15) 32. Ne2 ({White should try} 32. Qd1 $1 $11) 32... Nd4 $15 33. Qd1 Bh5 34. f3 f5 35. exf5 {The position is equal.} Nxf5 ({Much worse is} 35... Qxf5 $6 36. g4 Qf7 37. gxh5 $16) 36. Bf2 Bg6 37. Nc3 bxc4 38. bxc4 Nd4 39. Ra2 Nc6 (39... Bd6 $5 {creates asymmetry.} 40. Ne4 Qf7 41. Bg3 Nf5 42. Bf2 Nd4) 40. Ne4 Bxe4 41. fxe4 Bd6 42. Nc2 Nb4 43. Rb2 Bf8 44. Ne1 1/2-1/2

[Event "18th Karpov Poikovsky 2017"]
[Site "Poikovsky"]
[Date "2017.04.25"]
[Round "7"]
[White "Jakovenko, Dmitry"]
[Black "Najer, Evgeniy"]
[Result "0-1"]
[WhiteElo "2718"]
[BlackElo "2679"]
[Annotator "TA"]
[PlyCount "46"]
[EventDate "2017.??.??"]
[EventType "tourn"]
[EventCountry "RUS"]
[SourceTitle "playchess.com"]
[Source "ChessBase"]
[SourceQuality "1"]

{[%evp 11,46,31,35,35,39,17,35,27,36,12,9,20,11,10,25,14,13,-84,-111,-114,-117,-93,-92,-170,-126,-283,-280,-280,-277,-317,-289,-287,-310,-297,-279,-322,-304]} 1. c4 e5 2. Nc3 Nc6 3. Nf3 Nf6 4. g3 g6 5. d4 exd4 6. Nxd4 Bg7 {LiveBook: 88 Games. A29: English Opening: Four Knights Variation with 4 g3} 7. Bf4 O-O 8. Nxc6 bxc6 {The position is equal.} 9. Bg2 Rb8 10. Qc2 $146 (10. Qd2 d5 11. Rd1 Be6 12. cxd5 cxd5 13. Be3 a5 14. O-O {½-½ (35) Aronian,L (2784)-Anand,V (2803) Berlin 2015}) 10... d5 {[%cal Bd7d5,Bd5d4][%mdl 32]} 11. Rd1 Bf5 12. Qc1 d4 13. O-O Nh5 14. e4 {[#]} (14. Bg5 $11 f6 15. Be3) 14... Bg4 $1 $36 {[%mdl 2048] White is under strong pressure.} 15. f3 Nxf4 16. Qxf4 {[#]} Be6 $1 {[%cal Re6c4]} 17. Rf2 (17. Qc1 $17) 17... Bxc4 18. Bf1 $2 (18. e5 $17 {is a better defense.}) 18... Bxf1 $19 {Black has a decisive advantage.} 19. Kxf1 Qc8 20. Nb1 Qa6+ 21. Kg2 Qxa2 22. Qc1 Rb4 23. Rd3 Qa6 0-1

[Event "18th Karpov Poikovsky 2017"]
[Site "Poikovsky"]
[Date "2017.04.25"]
[Round "7"]
[White "Rodshtein, Maxim"]
[Black "Bologan, Victor"]
[Result "1-0"]
[WhiteElo "2701"]
[BlackElo "2640"]
[Annotator "TA"]
[PlyCount "77"]
[EventDate "2017.??.??"]
[EventType "tourn"]
[EventCountry "RUS"]
[SourceTitle "playchess.com"]
[Source "ChessBase"]
[SourceQuality "1"]

{[%evp 8,77,64,41,25,6,15,-7,43,0,9,-35,-33,-30,-33,-33,-23,-39,-20,-53,-46,-52,-43,-39,-48,-58,-68,-68,-42,-36,-38,-28,-37,-61,-52,-58,-38,-46,-51,-60,-38,-52,-47,-38,17,19,17,17,19,20,20,23,23,20,0,0,587,339,985,895,869,941,870,892,816,797,1054,1025,29990,599,29991,29992]} 1. d4 d6 2. Nf3 Nf6 3. c4 g6 4. Nc3 Bf5 5. h3 Ne4 {E61: King's Indian: Early deviations for White, including Smyslov System} 6. Qb3 {aiming for g4.} Nxc3 7. bxc3 Qc8 {The position is equal.} (7... b6 8. Nd2 Bg7 9. g4 Bd7 10. Bg2 Bc6 11. e4 e5 12. d5 Bd7 13. c5 dxc5 {0-1 (54) Rakhmanov,A (2662)-Morozevich,A (2683) Sochi 2016}) 8. Nd2 ({Much weaker is} 8. e4 Bxe4 9. Ng5 Bc6 $15) 8... Bg7 $146 (8... Nc6 9. e4 Bd7 10. Bd3 e5 11. d5 Nd8 12. O-O Bh6 13. Nf3 Bxc1 14. Raxc1 {0-1 (44) Bedic,S (1921)-Srebrnic,M (2381) Otocec 2016}) 9. g4 Bd7 10. Bg2 Nc6 11. Rb1 Rb8 12. Qc2 O-O 13. Qd3 e5 {[%cal Re5d4]} 14. d5 Nd8 15. g5 b6 16. h4 Nb7 17. Nb3 Nc5 18. Nxc5 bxc5 19. Rxb8 Qxb8 20. Be4 Qb6 ({Reject} 20... f5 $6 21. gxf6 Rxf6 22. h5 $14) 21. h5 Qa6 22. a3 Qa4 23. Kf1 Bc8 24. Kg2 Re8 25. Rh4 Ba6 (25... Re7 $15) 26. hxg6 $11 hxg6 27. Bxg6 fxg6 28. Qxg6 {Hoping for Qh7+.} Re7 29. Qh7+ Kf8 30. g6 Bxc4 31. Kh2 Qb3 $2 {[%mdl 8192] [#]} (31... Qd1 $1 $11 {and Black has nothing to worry.} 32. Bg5 Bxd5 33. Bxe7+ Ke8) 32. Qh5 $1 $18 {[%cal Rh5f5]} Qb1 $2 ({And not} 32... Qxc3 33. Qf5+ Bf6 34. Rh8+ Kg7 35. Bh6+ Kxh8 36. Qxf6+ Kg8 37. Qf8#) (32... Ke8) 33. Rxc4 Qxc1 34. Qf5+ Kg8 {[#]} 35. Qc8+ $1 Bf8 36. Rh4 Kg7 37. Qf5 {White wants to mate with e3.} Qd2 38. Rh7+ Kg8 {[#] Threatens to win with ...Qf4+.} 39. Rh8+ $1 {[%mdl 512]} 1-0

[Event "18th Karpov Poikovsky 2017"]
[Site "Poikovsky"]
[Date "2017.04.25"]
[Round "7"]
[White "Korobov, Anton"]
[Black "Zhigalko, Sergei"]
[Result "1-0"]
[WhiteElo "2695"]
[BlackElo "2639"]
[Annotator "TA"]
[PlyCount "133"]
[EventDate "2017.??.??"]
[EventType "tourn"]
[EventCountry "RUS"]
[SourceTitle "playchess.com"]
[Source "ChessBase"]
[SourceQuality "1"]

{[%evp 24,133,18,13,24,14,14,17,33,33,27,26,30,7,22,30,33,35,29,41,89,64,74,56,69,46,128,135,130,10,70,63,101,65,68,19,35,28,23,27,22,19,20,22,55,56,62,50,54,59,53,52,91,91,91,91,91,88,91,90,88,86,91,87,86,80,92,62,91,72,83,64,94,57,69,60,91,91,130,0,79,81,122,149,368,366,348,343,374,374,4535,2468,2057,1871,1676,1676,1676,1063,29973,29974,29975,29976,29975,29977,29977,29978,29977,29979,29981,29982,29980,29982]} 1. d4 Nf6 2. c4 e6 3. Nf3 b6 4. g3 Ba6 5. b3 Bb4+ 6. Bd2 Be7 7. Bg2 c6 8. Bc3 d5 9. Nbd2 Nbd7 10. Qc2 {E15: Queen's Indian: 4 g3 sidelines, 4 g3 Ba6 and 4 g3 Bb7 early deviations} c5 11. dxc5 bxc5 12. e3 O-O 13. O-O {LiveBook: 8 Games} Qb6 14. Rac1 $146 (14. Rfd1 Rac8 15. Rac1 Rfd8 16. Bb2 h6 17. cxd5 exd5 {1-0 (75) Leko,P (2737)-Karjakin,S (2776) Beijing 2013}) 14... Bb7 15. Rfe1 a5 16. cxd5 Nxd5 17. Nc4 Qc7 18. Bb2 $40 {[%mdl 128] White attacks.} a4 19. bxa4 Nb4 20. Qb3 Rfb8 21. a3 Nd5 22. Qc2 N5b6 23. Nxb6 Qxb6 24. Bc3 Nf6 (24... Qc7 $14) 25. a5 $16 Qa6 26. Bxf6 (26. Bf1 $1 $16 {[%cal Rf1a6]} Qa7 27. Ne5 (27. Ng5 h6 28. Bxf6 Bxf6 29. Qh7+ Kf8 $14)) 26... Bxf6 (26... gxf6 $11 27. Red1 Qxa5) 27. Qxc5 $14 g6 28. Rb1 Rc8 ({Don't go for} 28... Qxa5 $2 29. Qxa5 Rxa5 30. Nd4 $18) 29. Qb5 Bd5 30. Nd2 Bxg2 31. Kxg2 Qxa5 32. Qxa5 Rxa5 33. Ne4 Be7 34. Rb7 Bxa3 35. Rd1 $1 Kg7 36. Rdd7 Rf8 $1 37. Nd2 {Threatens to win with Nc4.} Rd5 38. Rxd5 exd5 $16 {[%mdl 4096] Endgame KRB-KRN} 39. Rd7 h5 40. Nf3 Re8 41. Rxd5 Re7 42. Ne1 Rc7 43. h3 Be7 44. Nd3 Ra7 45. f4 {[%cal Bf2f4,Bf4f5][%mdl 32]} Rc7 46. Kf3 Ra7 47. e4 Rb7 48. f5 Ra7 49. h4 Ba3 50. Nf4 {Hoping for fxg6.} Bc1 51. Nd3 ({Better is} 51. Rd6 $1 $16) 51... Bh6 (51... Ba3 $1 $11 {keeps the balance.}) 52. fxg6 fxg6 {[#]} 53. e5 $1 g5 $2 {[#]} (53... Kf7 $16 54. Rb5 Ra4 55. Rb7+ Ke8) 54. hxg5 $1 $18 Bxg5 55. Nf4 Ra3+ 56. Ke4 Bxf4 $2 (56... Kh7 57. Rd7+ Kh6 58. Rd6+ Kh7 59. Nxh5 Bc1) 57. gxf4 {KR-KR} h4 58. Rd7+ Kh6 59. Kf5 h3 60. Rd2 Kh5 61. e6 {White mates.} Re3 62. Rd8 {[%cal Rd8h8]} Kh4 63. Kf6 Kg4 64. f5 h2 65. Rg8+ Kf3 66. Rh8 Kg2 67. e7 1-0

[Event "18th Karpov Poikovsky 2017"]
[Site "Poikovsky"]
[Date "2017.04.25"]
[Round "7"]
[White "Anton Guijarro, David"]
[Black "Inarkiev, Ernesto"]
[Result "1/2-1/2"]
[WhiteElo "2679"]
[BlackElo "2727"]
[Annotator "TA"]
[PlyCount "104"]
[EventDate "2017.??.??"]
[EventType "tourn"]
[EventCountry "RUS"]
[SourceTitle "playchess.com"]
[Source "ChessBase"]
[SourceQuality "1"]

{[%evp 24,104,19,14,27,20,20,25,22,20,27,27,29,29,29,24,41,46,39,32,25,35,28,37,37,6,9,10,43,31,87,95,87,84,78,51,78,33,37,51,45,19,43,22,64,56,109,102,102,109,105,64,60,59,29,29,32,8,63,16,41,35,44,0,0,0,2,0,0,0,0,0,0,0,0,0,0,0,0,0,0,0,9]} 1. d4 Nf6 2. c4 e6 3. Nf3 d5 4. Nc3 Bb4 5. Bg5 h6 6. Bxf6 Qxf6 7. e3 O-O 8. Qb3 c5 9. cxd5 exd5 10. dxc5 Bxc3+ 11. Qxc3 Qxc3+ 12. bxc3 Nd7 {D38: Queen's Gambit Declined: Ragozin Defence (4 Nf3 Bb4)} (12... Be6 13. Nd4 Rc8 14. Kd2 Nd7 15. c6 bxc6 16. Rb1 Nf6 17. f3 Rc7 18. Ba6 Bc8 19. Bd3 c5 20. Ne2 {½-½ (62) Wang,Y (2697)-Vitiugov,N (2703) St Petersburg 2012}) 13. Rd1 {LiveBook: 22 Games} Nf6 14. Nd4 Bd7 15. f3 Rfc8 16. Nb3 $146 (16. Rb1 Rab8 17. Rb3 Rxc5 18. Ra3 a6 19. Bd3 Ne8 20. Kd2 Nd6 21. Rb1 Rd8 22. Rb6 Bc8 {½-½ (22) Hribersek,J (2332)-Pligin,S (2000) ICCF email 2006}) 16... b6 17. Ba6 Rc7 18. c4 dxc4 19. Bxc4 b5 20. Be2 a6 21. Kf2 Be6 22. Rd6 Bxb3 23. axb3 {Black must now prevent b4.} Rxc5 24. Rhd1 Kf8 25. e4 Ke7 26. Rb6 Rc7 {[#]} (26... Ne8 $14) 27. Ra1 $1 $16 Rca7 28. Rc6 Ne8 29. f4 Nc7 30. Rac1 Ne6 31. Ke3 Rd8 32. Rc8 Rxc8 33. Rxc8 $11 {[%mdl 4096] Endgame KRB-KRN} Kd7 34. Rg8 g5 {[#]} (34... g6 $14) 35. f5 $1 $16 {[%cal Rf5e6]} Nf4 36. Bf1 {g3 is the strong threat.} Rc7 37. g3 Rc1 $1 38. gxf4 Rxf1 39. fxg5 hxg5 40. Rxg5 $14 {KR-KR} Ke7 ({Better is} 40... Rb1 $11) 41. Kd4 a5 42. Rg2 Kf6 43. Kc5 Rf3 {The position is equal.} 44. Rb2 (44. Ra2 $5 {looks sharper.} Ke5 45. Kxb5 Rxb3+ 46. Kc6 Kxe4 47. Rxa5 Rf3 48. Kd6) 44... b4 45. Kb5 Re3 46. Kxa5 Rxe4 47. Rf2 Rh4 48. Kb5 Ke5 49. f6 Ke6 50. Ka4 Ke5 51. Kb5 Ke6 52. Ka4 Ke5 1/2-1/2

[Event "18th Karpov Poikovsky 2017"]
[Site "Poikovsky"]
[Date "2017.04.25"]
[Round "7"]
[White "Dubov, Daniil"]
[Black "Sutovsky, Emil"]
[Result "1/2-1/2"]
[WhiteElo "2660"]
[BlackElo "2650"]
[Annotator "TA"]
[PlyCount "52"]
[EventDate "2017.??.??"]
[EventType "tourn"]
[EventCountry "RUS"]
[SourceTitle "playchess.com"]
[Source "ChessBase"]
[SourceQuality "1"]

{[%evp 27,52,24,36,22,37,37,30,29,52,51,48,39,37,34,56,43,52,45,49,46,37,51,47,43,39,12,17]} 1. c4 c6 2. Nf3 d5 3. e3 Nf6 4. Nc3 g6 5. d4 Bg7 6. Bd3 O-O 7. O-O Bg4 8. h3 Bxf3 9. Qxf3 dxc4 10. Bxc4 Nbd7 11. Rd1 e5 12. d5 e4 13. Nxe4 Nxe4 14. Qxe4 Nb6 $1 15. Qc2 {And now dxc6 would win. D94: Grünfeld: 4 Nf3 Bg7 5 e3} (15. Rb1 $5 {seems wilder.} Re8 16. Qc2 cxd5 17. Bb5 Re6 18. Bd2) 15... Nxc4 16. Qxc4 cxd5 17. Rxd5 {White has an edge.} Qb6 18. Qd3 Rad8 19. e4 Bd4 {[#]} 20. Qf3 $146 (20. Be3 Bxe3 21. fxe3 Rxd5 22. exd5 Re8 23. Re1 Qxb2 24. Re2 Qa1+ 25. Kf2 Qf6+ 26. Kg1 Qa1+ 27. Kf2 Qf6+ 28. Kg1 Qa1+ 29. Kf2 Qf6+ {½-½ (29) Ma,Q (2613)-Ni,H (2654) China 2014}) 20... Rc8 ({Don't capture} 20... Bxb2 $2 21. Rb1 Bxc1 22. Rxb6 axb6 23. Qd3 $18) 21. a4 {[%cal Ba2a4,Ba4a5][%mdl 32]} Rc2 22. a5 $1 {[%cal Ra5b6]} Qb4 23. Bh6 Qxb2 ({But not} 23... Bxf2+ $2 24. Kh1 Bh4 25. Rf1 $18) 24. Rf1 Bg7 25. Be3 b6 26. axb6 axb6 1/2-1/2

[Event "18th Karpov Poikovsky 2017"]
[Site "Poikovsky"]
[Date "2017.04.26"]
[Round "8"]
[White "Inarkiev, Ernesto"]
[Black "Jakovenko, Dmitry"]
[Result "0-1"]
[WhiteElo "2727"]
[BlackElo "2718"]
[Annotator "TA"]
[PlyCount "110"]
[EventDate "2017.??.??"]
[EventType "tourn"]
[EventCountry "RUS"]
[SourceTitle "playchess.com"]
[Source "ChessBase"]
[SourceQuality "1"]

{[%evp 23,110,19,20,0,0,0,0,0,0,0,0,0,0,0,0,0,0,0,0,0,10,6,11,0,0,0,0,0,0,-171,-170,-159,-164,-240,-240,-230,-236,-240,-222,-240,-233,-235,-233,-233,-222,-213,-35,-43,0,-125,-114,-100,-91,-92,22,-126,0,0,0,-218,-90,-66,-43,-267,-121,-404,-375,-385,-353,-368,-359,-339,-267,-253,-249,-1166,-1155,-952,-983,-1235,-1204,-1179,-1171,-29977,-29974,-29980,-29981,-29981,-29982]} 1. d4 Nf6 2. c4 e6 3. Nf3 d5 4. g3 Bb4+ 5. Bd2 Be7 6. Bg2 O-O 7. O-O c6 8. Qc2 Nbd7 9. b3 b6 10. Rd1 a5 {E11: Bogo-Indian} 11. Bc3 Bb7 12. Nbd2 Qc7 {LiveBook: 8 Games. The position is equal.} 13. Rac1 c5 {[#]} 14. Bb2 $146 (14. cxd5 Nxd5 15. Bb2 a4 16. Qb1 axb3 17. axb3 Nb4 18. dxc5 bxc5 {½-½ (40) Sasikiran,K (2639)-Kuzubov,Y (2635) Benasque 2016}) 14... dxc4 15. Nxc4 b5 16. Nce5 Nxe5 17. Nxe5 {Threatens to win with Bxb7.} Bxg2 18. Kxg2 {[%cal Rd4c5]} Qb7+ 19. e4 Rfc8 (19... Qxe4+ $6 20. Qxe4 Nxe4 21. dxc5 $16 (21. f3 Nf6 $11)) 20. f3 {[%cal Rd4c5]} cxd4 21. Qf2 a4 22. Bxd4 h6 23. Nd3 Nxe4 24. Rxc8+ Rxc8 25. fxe4 Qxe4+ 26. Kf1 $2 (26. Kg1 $11) 26... Rd8 $1 $19 {[%cal Rd8d4]} 27. Ne5 Bf6 28. Qf4 (28. Nf3 {was necessary.} e5 29. Re1 Qd3+ 30. Qe2 Qxe2+ 31. Kxe2 exd4 32. Kd3) 28... Qh1+ 29. Ke2 Qxh2+ 30. Ke1 Qh1+ {[%mdl 1024] Black has strong compensation.} 31. Ke2 Qg2+ 32. Ke1 Rd5 33. Rd2 Qh1+ $1 (33... Bxe5 34. Bxe5 Qh1+ 35. Kf2 $17) 34. Kf2 Qc1 $2 (34... Qh2+ $19 35. Ke1 Qh1+ 36. Kf2 Qb1) 35. Ke2 $1 $15 (35. Nf3 $2 Rf5 36. Qb8+ Kh7 $19) 35... Qh1 {aiming for ...Bxe5.} 36. Nf3 (36. Kf2 $11 {remains equal.}) 36... Bxd4 $1 $17 37. Rxd4 Qg2+ $1 38. Ke3 Rf5 (38... Qxa2 $17 39. Rxd5 exd5 40. Qb8+ Kh7 41. Qxb5 Qxb3+ 42. Qxb3 axb3) 39. Qg4 (39. Rd2 $11 {keeps the balance.} Rxf4 40. Rxg2) 39... Qxa2 (39... h5 $1 $17 {[%cal Rh5g4]} 40. Qe4 Qxg3 41. Rd8+ Kh7) 40. bxa4 $11 bxa4 41. Rd8+ (41. Rxa4 $11 Qb3+ 42. Ke2) 41... Kh7 $17 {Strongly threatening ...a3.} 42. Qe4 g6 $36 {[%mdl 2048] Black is pushing.} 43. Qd4 $2 {[#]} (43. Rb8 $1 $15 Qa1 44. g4) 43... e5 $1 {[%mdl 512]} ({Don't play} 43... Qb3+ 44. Qd3 $19) (43... Qa3+ $1 $19 {and Black stays clearly on top.} 44. Qd3 Qc1+ 45. Ke2 a3) 44. Qe4 $2 {[%mdl 8192]} (44. Qd5 $17 Qa1 45. Rc8) (44. Nxe5 Qf2+) 44... Qb3+ $19 45. Ke2 Qb5+ 46. Kd1 a3 {And now ...a2 would win.} ({Much less strong is} 46... Qb3+ 47. Ke2 Qb5+ 48. Kd1 Qb3+ 49. Ke2 $19) 47. Qa8 Qb1+ 48. Ke2 Qb2+ 49. Rd2 $2 (49. Nd2 e4 50. g4) 49... Qb5+ 50. Kf2 Qb4 {( -> ...Qxd2+)} 51. Re2 {[#]} a2 $1 {[%mdl 512]} 52. Kg2 {[#]} (52. Qxa2 e4) 52... e4 $1 {[%cal Re4f3][%mdl 512]} ({Stronger than} 52... Rxf3 53. Qxf3 a1=Q 54. Qxf7+ Kh8 55. Qf6+ Kh7 56. Qf7+ Kh8 57. Qf6+ Kh7 58. Qf7+ $11) 53. Nh4 (53. Qxe4 Qxe4) 53... Ra5 {Black mates.} 54. Qe8 a1=Q 55. Rf2 Ra7 0-1